000 00860nam a2200265Ia 4500
003 GCL
005 20240530101909.0
008 140319s9999 xx 000 0 ara d
040 _aGCL /
_cGCL
082 0 4 _a932
_bق/س م
100 1 _aسيد كريم
245 1 0 _aالمرأة المصرية فى عهد الفراعنة /
_cسيد كريم
260 _a[S.N] :
_bالهيئة المصرية العامة للكتاب ،
_c1994
300 _a144 ص
650 0 4 _aتاريخ
650 0 4 _aالمرأة فى مصر
650 0 4 _aالحضارة
650 0 4 _aالمرأة فى الحياة العامة
650 0 4 _aمصر القديمة
650 0 4 _aالحضارة الفرعونية
650 0 4 _aالفن المصرى القديم
650 0 4 _aالمرأة فى الادب
650 0 4 _aالمرأة المصرية
942 _2ddc
_cBK
999 _c28536
_d28536